[Event "Tradewise Gibraltar Chess Festival 2014 "]
[Site "The Caleta Hotel - Gibraltar"]
[Date "2014.02.02"]
[Round "6.29"]
[White "Kuipers, Stefan"]
[Black "Zhao, Xue"]
[Result "0-1"]
[WhiteElo "2399"]
[BlackElo "2567"]
[PlyCount "30"]
[EventDate "2014.01.28"]

1. e4 e5 2. Nf3 Nc6 3. Nc3 Nf6 4. a3 Nd4 5. d3 Bc5 6. Nxe5 d5 7. Bg5 h6 8. Bh4
g5 9. Bg3 Qe7 10. Be2 Be6 11. Ng4 Bxg4 12. Bxg4 dxe4 13. O-O h5 14. Bxh5 Nxh5
15. Nd5 Nxg3 0-1

[Event "Tradewise Gibraltar Chess Festival 2014 "]
[Site "The Caleta Hotel - Gibraltar"]
[Date "2014.02.02"]
[Round "6.31"]
[White "Milliet, Sophie"]
[Black "Khotenashvili, Bela"]
[Result "0-1"]
[WhiteElo "2390"]
[BlackElo "2527"]
[PlyCount "44"]
[EventDate "2014.01.28"]

1. e4 c6 2. d4 d5 3. Nc3 dxe4 4. Nxe4 g6 5. h3 Bg7 6. Nf3 Nh6 7. Bd3 Nf5 8. c3
O-O 9. O-O Qc7 10. Bg5 b6 11. Re1 h6 12. Bd2 c5 13. dxc5 bxc5 14. Ng3 Nxg3 15.
fxg3 Nc6 16. g4 Bb7 17. Be3 Rad8 18. Qc2 Na5 19. Be4 Bc8 20. Qf2 Nb7 21. Qh4 f5
22. gxf5 gxf5 {Unable to reconstruct moves} 0-1

[Event "Tradewise Gibraltar Chess Festival 2014 "]
[Site "The Caleta Hotel - Gibraltar"]
[Date "2014.02.02"]
[Round "6.32"]
[White "Lampert, Jonas"]
[Black "El Debs, Felipe De Cresce"]
[Result "0-1"]
[WhiteElo "2358"]
[BlackElo "2520"]
[PlyCount "98"]
[EventDate "2014.01.28"]

1. e4 c5 2. Nf3 a6 3. c3 d5 4. exd5 Nf6 5. d4 cxd4 6. Qa4+ Qd7 7. Qxd7+ Nbxd7
8. c4 b5 9. b3 bxc4 10. bxc4 e6 11. dxe6 Nc5 12. exf7+ Kxf7 13. Bb2 Bb7 14.
Bxd4 Ne6 15. Be3 Ng4 16. Nbd2 Re8 17. Rb1 Nc5 18. Be2 Nxe3 19. fxe3 Rxe3 20.
Nb3 Bxf3 21. gxf3 Bd6 22. Kf2 Rhe8 23. Rhe1 Nxb3 24. Rxb3 R3e6 25. c5 Bxc5+ 26.
Kf1 Kf8 27. Rc1 Rxe2 28. Rxc5 Rxa2 29. Rb7 Rd8 30. Ke1 Rxh2 31. Rg5 g6 32. Ra5
Re8+ 33. Kd1 Ra8 34. Rb6 Rf2 35. Ra3 a5 36. Rb5 Kg7 37. Ke1 Rh2 38. Raxa5 Re8+
39. Re5 Rf8 40. Re7+ Kg8 41. Kf1 Rxf3+ 42. Kg1 Rhf2 43. Ra8+ Rf8 44. Ra3 R8f7
45. Re6 Kg7 46. Rg3 Rf1+ 47. Kh2 R7f2+ 48. Rg2 Rxg2+ 49. Kxg2 Rf5 0-1

[Event "Tradewise Gibraltar Chess Festival 2014 "]
[Site "The Caleta Hotel - Gibraltar"]
[Date "2014.02.02"]
[Round "6.33"]
[White "Lejlic, Samir"]
[Black "Gordon, Stephen J"]
[Result "1-0"]
[WhiteElo "2345"]
[BlackElo "2516"]
[PlyCount "61"]
[EventDate "2014.01.28"]

1. d4 Nf6 2. Nc3 d5 3. Bg5 h6 4. Bxf6 exf6 5. Qd3 f5 6. O-O-O g6 7. Nh3 c6 8.
f3 Bg7 9. e4 dxe4 10. fxe4 O-O 11. Nf4 Qa5 12. e5 c5 13. e6 Bxe6 14. Nxe6 fxe6
15. d5 e5 16. g4 e4 17. Qh3 f4 18. g5 h5 19. Bc4 Bxc3 20. bxc3 b5 21. Qe6+ Kh7
22. Qe7+ Kg8 23. Qe6+ Kh7 24. Qe7+ Kg8 25. Qxe4 bxc4 26. Qxg6+ Kh8 27. Qh6+ Kg8
28. Qg6+ Kh8 29. Qh6+ Kg8 30. g6 Qc7 31. g7 1-0

[Event "Tradewise Gibraltar Chess Festival 2014 "]
[Site "The Caleta Hotel - Gibraltar"]
[Date "2014.02.02"]
[Round "6.34"]
[White "Cmilyte, Viktorija"]
[Black "Abdumalik, Zhansaya"]
[Result "1-0"]
[WhiteElo "2515"]
[BlackElo "2344"]
[PlyCount "125"]
[EventDate "2014.01.28"]

1. d4 Nf6 2. c4 e6 3. Nf3 d5 4. Nc3 Bb4 5. Bg5 h6 6. Qa4+ Nc6 7. Bxf6 Qxf6 8.
e3 O-O 9. Be2 dxc4 10. a3 Bxc3+ 11. bxc3 e5 12. O-O Bg4 13. Rfe1 Rfe8 14. Qxc4
e4 15. Nd2 Bf5 16. f3 Qg5 17. f4 Qf6 18. Rab1 b6 19. Kh1 Na5 20. Qa4 c5 21.
Rec1 Qd6 22. Nc4 Nxc4 23. Bxc4 Re7 24. d5 a6 25. Bb5 Raa7 26. Bc6 b5 27. Qa5
Bd7 28. Qd8+ Re8 29. Qb6 Raa8 30. Qb7 Bxc6 31. dxc6 Reb8 32. Rd1 Qxd1+ 33. Rxd1
Rxb7 34. cxb7 Rb8 35. Rd7 g6 36. Kg1 a5 37. Kf2 h5 38. Ke2 Kg7 39. Kd2 c4 40.
a4 bxa4 41. Kc2 Kf6 42. Kb2 Ke6 43. Rc7 f5 44. Ka3 Kd6 45. Rg7 Kc6 46. Kxa4 Kb6
47. Rxg6+ Kxb7 48. Kxa5 Kc7 49. Rg5 Rb3 50. Rxh5 Rxc3 51. Rxf5 Rxe3 52. Kb4 c3
53. Rc5+ Kd6 54. Rxc3 Re2 55. Rg3 Rf2 56. Kc3 Rxf4 57. Kd4 Ke6 58. Ke3 Kf5 59.
Rg8 Rh4 60. h3 Ke5 61. Rf8 Kd5 62. Rf5+ Ke6 63. Rf4 1-0

[Event "Tradewise Gibraltar Chess Festival 2014 "]
[Site "The Caleta Hotel - Gibraltar"]
[Date "2014.02.02"]
[Round "6.36"]
[White "Hoang, Thanh Trang"]
[Black "Welling, Gerard"]
[Result "1-0"]
[WhiteElo "2511"]
[BlackElo "2326"]
[PlyCount "60"]
[EventDate "2014.01.28"]

1. d4 Nf6 2. Bg5 c5 3. Bxf6 exf6 4. e3 Qb6 5. b3 d5 6. Nf3 Nc6 7. Be2 cxd4 8.
exd4 Bf5 9. O-O O-O-O 10. c3 h5 11. a4 g5 12. b4 Bd6 13. Na3 Bb8 14. Nb5 Rd7
15. a5 Qd8 16. a6 h4 17. Nd2 Rg8 18. Bg4 Be6 19. axb7+ Rxb7 20. Ra6 Kd7 21.
Bxe6+ fxe6 22. Qa4 Qc8 23. Nb3 Rb6 24. Nc5+ Ke7 25. Nxa7 Qc7 26. Nxc6+ Rxc6 27.
f4 Rxc5 28. bxc5 gxf4 29. Re1 e5 30. dxe5 fxe5 1-0

[Event "Tradewise Gibraltar Chess Festival 2014 "]
[Site "The Caleta Hotel - Gibraltar"]
[Date "2014.02.02"]
[Round "6.38"]
[White "Rahman, Ziaur"]
[Black "Tate, Alan"]
[Result "1-0"]
[WhiteElo "2499"]
[BlackElo "2321"]
[PlyCount "63"]
[EventDate "2014.01.28"]

1. d4 Nf6 2. Bg5 Ne4 3. Bf4 c5 4. f3 Qa5+ 5. c3 Nf6 6. d5 e6 7. e4 d6 8. Qd2
exd5 9. exd5 Be7 10. c4 Qxd2+ 11. Kxd2 g5 12. Be3 b5 13. Nc3 b4 14. Nb5 Na6 15.
Bxg5 Ne4+ 16. fxe4 Bxg5+ 17. Kc2 Be7 18. Nf3 Bg4 19. e5 Bxf3 20. gxf3 dxe5 21.
Re1 Kd8 22. Rxe5 Nb8 23. d6 Bf8 24. Bh3 Nd7 25. Bxd7 Kxd7 26. Rxc5 a6 27. Rc7+
Ke6 28. Re1+ Kf6 29. d7 axb5 30. Rc6+ Bd6 31. Rxd6+ Kf5 32. c5 1-0

[Event "Tradewise Gibraltar Chess Festival 2014 "]
[Site "The Caleta Hotel - Gibraltar"]
[Date "2014.02.02"]
[Round "6.39"]
[White "Popilski, Gil"]
[Black "Aharon, Ofir"]
[Result "0-1"]
[WhiteElo "2492"]
[BlackElo "2304"]
[PlyCount "72"]
[EventDate "2014.01.28"]

1. d4 Nf6 2. c4 g6 3. Nc3 d5 4. e3 Bg7 5. Qb3 e6 6. Qa3 a5 7. Nf3 Nc6 8. Bd2
Nb4 9. Qb3 O-O 10. a3 Na6 11. Bd3 c5 12. O-O b6 13. Rad1 Bb7 14. Ne5 cxd4 15.
exd4 dxc4 16. Qxc4 Rc8 17. Qa4 Nd5 18. Rfe1 Nb8 19. Nxd5 Bxd5 20. Bb5 Bb7 21.
Bc4 Nc6 22. Bf4 Nxe5 23. Bxe5 Qg5 24. Bf1 Bd5 25. Qb5 Rc6 26. Bxg7 Kxg7 27. Re5
Qf6 28. Qd3 Rfc8 29. Ree1 Rc2 30. Rd2 Qf5 31. Qxf5 gxf5 32. Rxc2 Rxc2 33. b4
Ra2 34. bxa5 bxa5 35. Re3 Ra1 36. Rc3 Bb7 0-1

[Event "Tradewise Gibraltar Chess Festival 2014 "]
[Site "The Caleta Hotel - Gibraltar"]
[Date "2014.02.02"]
[Round "6.41"]
[White "Hambleton, Aman"]
[Black "De Haan, Eric"]
[Result "1-0"]
[WhiteElo "2481"]
[BlackElo "2303"]
[PlyCount "57"]
[EventDate "2014.01.28"]

1. d4 Nf6 2. c4 c5 3. d5 e6 4. Nc3 exd5 5. cxd5 d6 6. e4 g6 7. h3 Bg7 8. Nf3
O-O 9. Bd3 Nh5 10. O-O Nd7 11. Bg5 Bf6 12. Bh6 Bg7 13. Bg5 Bf6 14. Be3 Re8 15.
g4 Ng7 16. Kg2 h5 17. g5 Bxc3 18. bxc3 c4 19. Bc2 f6 20. gxf6 Qxf6 21. Qd2 Ne5
22. Ng5 Nf7 23. f4 Nxg5 24. fxg5 Qe7 25. Bd4 h4 26. Rf6 Qd7 27. Rh1 Kh7 28. Qf2
Re7 29. e5 1-0

[Event "Tradewise Gibraltar Chess Festival 2014 "]
[Site "The Caleta Hotel - Gibraltar"]
[Date "2014.02.02"]
[Round "6.42"]
[White "Deac, Bogdan-Daniel"]
[Black "Raznikov, Danny"]
[Result "0-1"]
[WhiteElo "2289"]
[BlackElo "2479"]
[PlyCount "54"]
[EventDate "2014.01.28"]

1. d4 Nf6 2. c4 e6 3. Nc3 Bb4 4. Qc2 d5 5. cxd5 exd5 6. Bg5 c5 7. dxc5 h6 8.
Bh4 g5 9. Bg3 Ne4 10. O-O-O Bxc3 11. f3 Bd2+ 12. Rxd2 Nxd2 13. Qxd2 Be6 14. e3
Nd7 15. Qc3 O-O 16. Bd6 Rc8 17. Bxf8 Qxf8 18. Kd2 Nxc5 19. Qa3 d4 20. exd4 Qd6
21. Ne2 Bc4 22. Qe3 Na4 23. Qa3 Qd7 24. Qe3 Re8 25. Qa3 Bxe2 26. Bxe2 Qxd4+ 27.
Ke1 Nxb2 0-1

[Event "Tradewise Gibraltar Chess Festival 2014 "]
[Site "The Caleta Hotel - Gibraltar"]
[Date "2014.02.02"]
[Round "6.43"]
[White "Henrichs, Thomas"]
[Black "Sos Andreu, Eric"]
[Result "1-0"]
[WhiteElo "2477"]
[BlackElo "2285"]
[PlyCount "51"]
[EventDate "2014.01.28"]

1. d4 Nf6 2. c4 g6 3. Nc3 d5 4. Nf3 Bg7 5. Qb3 dxc4 6. Qxc4 O-O 7. e4 Nc6 8.
Be2 Bg4 9. d5 Bxf3 10. gxf3 Na5 11. Qd3 c5 12. Be3 Rc8 13. Rd1 a6 14. e5 Nd7
15. f4 c4 16. Qc2 Nc5 17. h4 Qd7 18. h5 b5 19. Rh4 Rc7 20. hxg6 fxg6 21. Bxc5
Rxc5 22. Bg4 Qe8 23. Be6+ Kh8 24. Ne4 Nb7 25. Ng5 h6 26. Bf7 1-0

[Event "Tradewise Gibraltar Chess Festival 2014 "]
[Site "The Caleta Hotel - Gibraltar"]
[Date "2014.02.02"]
[Round "6.44"]
[White "Haugli, Petter"]
[Black "Al-Sayed, Mohammed"]
[Result "0-1"]
[WhiteElo "2278"]
[BlackElo "2476"]
[PlyCount "54"]
[EventDate "2014.01.28"]

1. d4 Nf6 2. c4 g6 3. Nc3 Bg7 4. e4 d6 5. Nf3 O-O 6. Be2 e5 7. O-O Nc6 8. d5
Ne7 9. Ne1 Nd7 10. Be3 f5 11. f3 f4 12. Bf2 g5 13. g4 h5 14. h3 Rf6 15. Nd3 Rh6
16. c5 Nf6 17. Rc1 Ng6 18. cxd6 cxd6 19. Nb5 hxg4 20. hxg4 Bd7 21. Nxd6 Bxg4
22. fxg4 Qxd6 23. Bf3 Nh4 24. Bc5 Qa6 25. Nxe5 Re8 26. Bd4 Nxf3+ 27. Qxf3 Nd7
0-1

[Event "Tradewise Gibraltar Chess Festival 2014 "]
[Site "The Caleta Hotel - Gibraltar"]
[Date "2014.02.02"]
[Round "6.45"]
[White "Hommerson, Paul"]
[Black "Ashwin, Jayaram"]
[Result "0-1"]
[WhiteElo "2255"]
[BlackElo "2473"]
[PlyCount "170"]
[EventDate "2014.01.28"]

1. e4 c5 2. Nf3 e6 3. d4 cxd4 4. Nxd4 Nc6 5. Nc3 Qc7 6. Be3 a6 7. Qd2 Nf6 8.
O-O-O Be7 9. f3 b5 10. g4 Nxd4 11. Bxd4 Bb7 12. Kb1 O-O 13. g5 Nh5 14. Be3 Rad8
15. Qf2 Rc8 16. Bh3 Nf4 17. Bxf4 Qxf4 18. Rxd7 Bc5 19. Qg2 Bc6 20. Rdd1 Rfd8
21. Qg4 Be3 22. Ne2 Qxg5 23. Qxg5 Bxg5 24. Nd4 Bb7 25. Nxe6 fxe6 26. Bxe6+ Kf8
27. Bxc8 Bxc8 28. f4 Bh4 29. Rxd8+ Bxd8 30. c3 Bc7 31. e5 Bb6 32. Re1 Ke7 33.
Kc2 Bf5+ 34. Kd2 Ke6 35. a4 h5 36. axb5 axb5 37. Ke2 Bg4+ 38. Kf1 Bh3+ 39. Ke2
Bg4+ 40. Kf1 Bf3 41. f5+ Kf7 42. h3 h4 43. b3 Bd5 44. c4 bxc4 45. bxc4 Bxc4+
46. Kg2 Bd5+ 47. Kh2 Bd4 48. Re2 Bf3 49. Re1 Bf2 50. e6+ Ke7 51. Ra1 Be4 52.
f6+ gxf6 53. Ra7+ Kxe6 54. Ra6+ Ke5 55. Re6+ Kd4 56. Rxf6 Bg3+ 57. Kg1 Bd5 58.
Rf5 Be6 59. Ra5 Bxh3 60. Ra4+ Ke3 61. Ra3+ Kf4 62. Ra4+ Kf5 63. Rb4 Bf4 64. Rb3
Bg4 65. Kg2 Be5 66. Ra3 Ke4 67. Rb3 Be6 68. Rh3 Bf6 69. Ra3 Kf5 70. Ra6 Bc8 71.
Ra5+ Kg4 72. Ra4+ Kh5 73. Ra3 Bg5 74. Rc3 Bb7+ 75. Kh3 Bd5 76. Ra3 Be6+ 77. Kg2
Kg4 78. Ra4+ Bf4 79. Kg1 h3 80. Re4 Bd5 81. Re2 Kg3 82. Rg2+ Kf3 83. Rf2+ Ke4
84. Rb2 Kd3 85. Re2 Kc3 0-1

[Event "Tradewise Gibraltar Chess Festival 2014 "]
[Site "The Caleta Hotel - Gibraltar"]
[Date "2014.02.02"]
[Round "6.46"]
[White "Sanchez Castillo, Sarai Caroli"]
[Black "Flear, Glenn C"]
[Result "0-1"]
[WhiteElo "2219"]
[BlackElo "2471"]
[PlyCount "64"]
[EventDate "2014.01.28"]

1. e4 e5 2. d4 exd4 3. Qxd4 Nc6 4. Qe3 Nf6 5. Nc3 Bb4 6. Bd2 O-O 7. O-O-O Re8
8. Qg3 Rxe4 9. a3 Bd6 10. f4 Re8 11. Bd3 Bf8 12. Qh4 d5 13. Nf3 Ne7 14. g4 Ng6
15. Bxg6 fxg6 16. f5 Ne4 17. Bg5 Nxg5 18. Rxd5 Bd6 19. fxg6 h6 20. Nxg5 Be6 21.
Rxd6 cxd6 22. Nf3 Qxh4 23. Nxh4 Bxg4 24. Nb5 Re5 25. Nd4 Rf8 26. h3 Bh5 27. c3
Rf4 28. Ng2 Rf2 29. Ne1 Bxg6 30. Rg1 Kh7 31. Nef3 Re3 32. Rg3 Rd3 0-1

[Event "Tradewise Gibraltar Chess Festival 2014 "]
[Site "The Caleta Hotel - Gibraltar"]
[Date "2014.02.02"]
[Round "6.47"]
[White "Galego, Luis"]
[Black "Gukhvat, Peter"]
[Result "1/2-1/2"]
[WhiteElo "2465"]
[BlackElo "2268"]
[PlyCount "126"]
[EventDate "2014.01.28"]

1. e4 c5 2. Nf3 Nc6 3. Bb5 g6 4. O-O Bg7 5. c3 e5 6. d3 Nge7 7. Bg5 O-O 8. Qc1
d5 9. Bxc6 bxc6 10. Bh6 f6 11. Bxg7 Kxg7 12. c4 Bg4 13. Nbd2 Qd6 14. Qc3 a5 15.
Rfc1 d4 16. Qc2 g5 17. Ne1 Ng6 18. f3 Be6 19. Qa4 h5 20. Nb3 g4 21. Qa3 gxf3
22. Nxf3 Nf4 23. Rf1 Kh7 24. Qxc5 Qc7 25. Ne1 a4 26. Rxf4 axb3 27. Rf2 Rfb8 28.
a4 Ra5 29. Qa3 c5 30. Rd1 Rb4 31. Qa1 Rbxa4 32. Qc1 Qg7 33. Nf3 Bg4 34. Rdf1
Ra1 35. Qxa1 Rxa1 36. Rxa1 Bxf3 37. Rxf3 Qg5 38. Rd1 h4 39. h3 Kg7 40. Kh2 Kf7
41. Rdf1 Ke7 42. R1f2 Ke8 43. g3 hxg3+ 44. Rxg3 Qc1 45. Rgf3 Qd1 46. h4 f5 47.
exf5 e4 48. dxe4 d3 49. f6 Qe1 50. f7+ Kf8 51. Rg2 Qxh4+ 52. Kg1 Qe1+ 53. Rf1
Qe3+ 54. Rff2 Qc1+ 55. Kh2 Qh6+ 56. Kg3 Qg5+ 57. Kf3 Qf6+ 58. Kg4 Qg6+ 59. Kf4
Qf6+ 60. Kg3 Qg5+ 61. Kh2 Qh6+ 62. Kg1 Qc1+ 63. Kh2 Qh6+ 1/2-1/2

[Event "Tradewise Gibraltar Chess Festival 2014 "]
[Site "The Caleta Hotel - Gibraltar"]
[Date "2014.02.02"]
[Round "6.48"]
[White "Tscharotschkin, Michael"]
[Black "Paehtz, Elisabeth"]
[Result "0-1"]
[WhiteElo "2201"]
[BlackElo "2458"]
[PlyCount "59"]
[EventDate "2014.01.28"]

1. d4 d6 2. Nf3 g6 3. c4 Bg7 4. Nc3 Bg4 5. e3 Nc6 6. Be2 e5 7. d5 Nb8 8. e4 a5
9. h3 Bd7 10. O-O Na6 11. Ne1 Nc5 12. Nd3 b6 13. Nxc5 bxc5 14. Bg4 f5 15. exf5
gxf5 16. Bh5+ Kf8 17. g3 Rb8 18. a4 Rb4 19. Be2 Nf6 20. Nb5 f4 21. Kh2 Bf5 22.
Ra3 Bh6 23. Bd3 Qd7 24. Bxf5 Qxf5 25. g4 Qb1 26. Qe2 Ke7 27. Rf3 Qa2 28. Bxf4
Rxb2 29. Qe3 Bxf4+ 30. Rxf4 {Unable to reconstruct} 0-1

[Event "Tradewise Gibraltar Chess Festival 2014 "]
[Site "The Caleta Hotel - Gibraltar"]
[Date "2014.02.02"]
[Round "6.49"]
[White "Munguntuul, Batkhuyag"]
[Black "Lombaers, Peter"]
[Result "1-0"]
[WhiteElo "2438"]
[BlackElo "2255"]
[PlyCount "97"]
[EventDate "2014.01.28"]

1. e4 e5 2. Nf3 Nc6 3. Bb5 a6 4. Ba4 Nf6 5. O-O Be7 6. Re1 b5 7. Bb3 d6 8. a4
b4 9. d3 Na5 10. Ba2 b3 11. Bxb3 Nxb3 12. cxb3 c5 13. Nbd2 a5 14. Nc4 Nd7 15.
Bd2 Nb8 16. d4 cxd4 17. b4 axb4 18. Bxb4 O-O 19. Ba3 f5 20. Qb3 Be6 21. exf5
Bd5 22. Nfd2 Rxf5 23. Qb6 Qf8 24. Nxd6 Rf6 25. Qb5 Bc6 26. Qc4+ Kh8 27. N6e4
Rg6 28. Bxe7 Qxe7 29. b4 Nd7 30. b5 Bb7 31. a5 Rc8 32. Qf1 Qh4 33. Rac1 Qd8 34.
b6 Rxc1 35. Rxc1 Qa8 36. Rc7 Nf6 37. Qb5 Bxe4 38. Nxe4 Rxg2+ 39. Kxg2 Qxe4+ 40.
f3 Qg6+ 41. Kf2 Qh5 42. Rc8+ Ng8 43. h3 Qh4+ 44. Kg2 Qg5+ 45. Kf1 Qh5 46. Ke1
Qg6 47. Kf2 Qh5 48. Qc4 Qh4+ 49. Kg2 1-0

[Event "Tradewise Gibraltar Chess Festival 2014 "]
[Site "The Caleta Hotel - Gibraltar"]
[Date "2014.02.02"]
[Round "6.50"]
[White "Kenney, Jason"]
[Black "Kohlweyer, Bernd"]
[Result "0-1"]
[WhiteElo "2112"]
[BlackElo "2437"]
[PlyCount "64"]
[EventDate "2014.01.28"]

1. c4 e5 2. g3 h5 3. Nf3 e4 4. Nd4 d5 5. cxd5 Qxd5 6. Qa4+ Bd7 7. Nc3 Qe5 8.
Ndb5 a6 9. Qd4 Qxd4 10. Nxd4 Nc6 11. Nxc6 Bxc6 12. Bg2 f5 13. d3 Nf6 14. dxe4
Bb4 15. Bd2 Rd8 16. Rg1 Bxc3 17. Bxc3 fxe4 18. Bd2 Kf7 19. O-O-O Bb5 20. Rde1
Rhe8 21. Bg5 Rd5 22. Bxf6 Kxf6 23. Rd1 c6 24. Rxd5 cxd5 25. e3 Ke5 26. Kd2 Rf8
27. Ke1 d4 28. h4 d3 29. Bh3 Rf6 30. f4+ exf3 31. Kf2 Ke4 32. Bc8 d2 0-1

[Event "Tradewise Gibraltar Chess Festival 2014 "]
[Site "The Caleta Hotel - Gibraltar"]
[Date "2014.02.02"]
[Round "6.51"]
[White "Trent, Lawrence"]
[Black "Gajic, Mladen"]
[Result "1-0"]
[WhiteElo "2424"]
[BlackElo "2246"]
[PlyCount "49"]
[EventDate "2014.01.28"]

1. e4 Nf6 2. e5 Nd5 3. d4 d6 4. Bc4 c6 5. Qe2 dxe5 6. dxe5 Bf5 7. Nf3 e6 8. O-O
Be7 9. h3 O-O 10. Rd1 Nd7 11. Nc3 Qc7 12. Bd3 Nxc3 13. bxc3 Bg6 14. Bxg6 hxg6
15. Rd4 Rfd8 16. Rb1 Nb6 17. Re4 Rd5 18. h4 Rad8 19. Be3 Nd7 20. g3 b6 21. Kg2
Nf8 22. Rh1 Qd7 23. Bg5 Nh7 24. Be3 c5 25. Bg5 {Unable to reconstruct} 1-0

[Event "Tradewise Gibraltar Chess Festival 2014 "]
[Site "The Caleta Hotel - Gibraltar"]
[Date "2014.02.02"]
[Round "6.52"]
[White "Burrows, Martin P"]
[Black "Mikkelsen, Nikolaj"]
[Result "0-1"]
[WhiteElo "2126"]
[BlackElo "2423"]
[PlyCount "100"]
[EventDate "2014.01.28"]

1. e4 c5 2. Nf3 d6 3. d4 cxd4 4. Nxd4 Nf6 5. Nc3 Nc6 6. Bg5 e6 7. Qd2 a6 8.
O-O-O Be7 9. Nb3 b5 10. Bxf6 gxf6 11. Kb1 Bd7 12. f4 Qb6 13. Bd3 Rc8 14. Rhe1
b4 15. Ne2 a5 16. f5 a4 17. Nbc1 Ne5 18. fxe6 fxe6 19. Qh6 a3 20. Qh5+ Kd8 21.
Nb3 axb2 22. Kxb2 Qa7 23. Ned4 Ra8 24. a4 bxa3+ 25. Ka2 Qc7 26. Qh3 Qc8 27. Be2
Ra4 28. Rc1 Rb4 29. c3 Rb8 30. Red1 h5 31. c4 Nc6 32. Nb5 Nb4+ 33. Ka1 Qc6 34.
N3d4 Qxe4 35. Bf3 Qe3 36. Rc3 Qf2 37. Rxa3 f5 38. Be2 Bf6 39. Qc3 Ke7 40. Qxb4
Bxd4+ 41. Kb1 Bxb5 42. cxb5 Qxe2 43. Qxd4 Rxb5+ 44. Ka1 Qe5 45. Qxe5 dxe5 46.
Rb1 Rhb8 47. Rxb5 Rxb5 48. Rh3 e4 49. Rxh5 e3 50. Rh3 f4 0-1

[Event "Tradewise Gibraltar Chess Festival 2014 "]
[Site "The Caleta Hotel - Gibraltar"]
[Date "2014.02.02"]
[Round "6.53"]
[White "Georgiev, Kiril"]
[Black "Van Den Bersselaar, Jeroen"]
[Result "1-0"]
[WhiteElo "2653"]
[BlackElo "2146"]
[PlyCount "57"]
[EventDate "2014.01.28"]

1. d4 d5 2. Nf3 Nf6 3. Bf4 c5 4. e3 Nc6 5. c3 Qb6 6. Qb3 c4 7. Qc2 Bf5 8. Qc1
h6 9. Nbd2 e6 10. h3 Qd8 11. Be2 Bd6 12. Bxd6 Qxd6 13. b3 cxb3 14. axb3 O-O 15.
O-O Ne4 16. Nxe4 Bxe4 17. Nd2 Bg6 18. b4 Rfc8 19. b5 Ne7 20. Qa3 Qc7 21. c4
dxc4 22. Nxc4 Nd5 23. Rfc1 Qd8 24. Bf3 a6 25. bxa6 Rxa6 26. Qb3 Rxa1 27. Rxa1
b5 28. Ne5 Nc7 29. Bb7 1-0

[Event "Tradewise Gibraltar Chess Festival 2014 "]
[Site "The Caleta Hotel - Gibraltar"]
[Date "2014.02.02"]
[Round "6.54"]
[White "Maisuradze, Nino"]
[Black "Muzychuk, Anna"]
[Result "1/2-1/2"]
[WhiteElo "2279"]
[BlackElo "2566"]
[PlyCount "103"]
[EventDate "2014.01.28"]

1. d4 e6 2. c4 Nf6 3. Nf3 b6 4. a3 Bb7 5. Nc3 d5 6. Bg5 Be7 7. e3 Nbd7 8. cxd5
exd5 9. b4 O-O 10. Qb3 Re8 11. Bd3 Nf8 12. O-O Ne6 13. Bh4 c6 14. Ne5 Nd7 15.
Bxe7 Rxe7 16. Nxd7 Qxd7 17. Ne2 Qd6 18. Rad1 g6 19. f3 c5 20. dxc5 bxc5 21. Be4
cxb4 22. Bxd5 Bxd5 23. Qxd5 Qxd5 24. Rxd5 bxa3 25. Ra5 Rd7 26. Rxa3 Rd2 27. Ng3
a5 28. Rfa1 Rb8 29. Nf1 Rc2 30. R3a2 Rxa2 31. Rxa2 Rb5 32. Nd2 Nc5 33. Nc4 a4
34. Nb2 Rb4 35. Kf1 Kf8 36. Ke2 Ke7 37. Nd3 Nxd3 38. Kxd3 Kd6 39. Rc2 Rb8 40.
Ra2 Rb3+ 41. Kd2 a3 42. Kc2 Rxe3 43. Kd2 Rb3 44. Kc2 Rb5 45. Rxa3 Rg5 46. g3
Rb5 47. Rd3+ Ke5 48. Rd7 Ke6 49. Rd2 h5 50. Kd3 Re5 51. Re2 Rxe2 52. Kxe2
1/2-1/2

[Event "Tradewise Gibraltar Chess Festival 2014 "]
[Site "The Caleta Hotel - Gibraltar"]
[Date "2014.02.02"]
[Round "6.55"]
[White "Cramling, Pia"]
[Black "Proudian, Armen"]
[Result "1-0"]
[WhiteElo "2525"]
[BlackElo "2273"]
[PlyCount "85"]
[EventDate "2014.01.28"]

1. Nf3 Nf6 2. c4 e6 3. g3 a6 4. Bg2 b5 5. b3 Bb7 6. Na3 b4 7. Nc2 c5 8. O-O Be7
9. Bb2 O-O 10. a3 a5 11. d4 d6 12. Ne3 cxd4 13. Nxd4 Bxg2 14. Kxg2 bxa3 15.
Bxa3 d5 16. Bxe7 Qxe7 17. cxd5 Qb7 18. Nf3 exd5 19. Qd2 Rd8 20. Nf5 Ne4 21. Qb2
f6 22. N5d4 Ra6 23. Rfc1 g6 24. Nh4 Nd7 25. Nhf3 Rb8 26. Qa3 Kf7 27. Rc2 Qb4
28. Qc1 Ndc5 29. Qf4 Re8 30. Rac1 Re7 31. h4 Kg7 32. Qg4 Kf7 33. h5 Qb6 34.
hxg6+ hxg6 35. Rh1 f5 36. Qf4 Raa7 37. Ne5+ Kg8 38. Nec6 Rh7 39. Nxa7 Rxh1 40.
Kxh1 Qxa7 41. Kg2 Qb6 42. Qe5 Kh7 43. Rc1 1-0

[Event "Tradewise Gibraltar Chess Festival 2014 "]
[Site "The Caleta Hotel - Gibraltar"]
[Date "2014.02.02"]
[Round "6.56"]
[White "Martinez Reyes, Pedro Ramon"]
[Black "Gallagher, Joseph G"]
[Result "1-0"]
[WhiteElo "2246"]
[BlackElo "2495"]
[PlyCount "111"]
[EventDate "2014.01.28"]

1. Nf3 e6 2. c4 f5 3. g3 Nf6 4. Bg2 Be7 5. Nc3 O-O 6. O-O d6 7. d4 Ne4 8. Qd3
Nxc3 9. Qxc3 a5 10. Qc2 Nc6 11. e4 e5 12. d5 fxe4 13. Qxe4 Nb4 14. Ne1 Bg5 15.
Bxg5 Qxg5 16. a3 Na6 17. Nf3 Qh6 18. Qe3 Qxe3 19. fxe3 a4 20. Nd2 Bf5 21. Be4
Bd7 22. Rxf8+ Rxf8 23. Rf1 Rb8 24. Rf2 b5 25. cxb5 Nc5 26. Bc2 Rxb5 27. Ne4
Nxe4 28. Bxe4 Rb3 29. Rc2 Rxe3 30. Rxc7 Bg4 31. Rc4 Re1+ 32. Kf2 Re2+ 33. Kg1
Re1+ 34. Kf2 Re2+ 35. Kg1 Rxb2 36. Rxa4 Bh3 37. Ra6 g5 38. Rxd6 Re2 39. Bf3 Ra2
40. Ra6 Rd2 41. Ra8+ Kf7 42. Ra7+ Kf6 43. Ra6+ Kf5 44. Ra4 h5 45. Be4+ Kf6 46.
Ra6+ Ke7 47. Bf3 Bc8 48. Rh6 g4 49. Be4 Rd4 50. d6+ Kf7 51. Bc2 Be6 52. Rxh5
Kf6 53. Rh6+ Kf7 54. Kf1 Rd2 55. Ba4 Bd5 56. d7 {
Unable to reconstruct remaining moves} 1-0

[Event "Tradewise Gibraltar Chess Festival 2014 "]
[Site "The Caleta Hotel - Gibraltar"]
[Date "2014.02.02"]
[Round "6.57"]
[White "Docx, Stefan"]
[Black "Rindlisbacher, Jan"]
[Result "1-0"]
[WhiteElo "2458"]
[BlackElo "2250"]
[PlyCount "59"]
[EventDate "2014.01.28"]

1. d4 Nf6 2. c4 e6 3. Nc3 Bb4 4. e3 O-O 5. Bd3 d5 6. cxd5 exd5 7. Nge2 Re8 8.
Bd2 c5 9. O-O Nc6 10. a3 Bxc3 11. bxc3 c4 12. Bc2 h5 13. f3 Bd7 14. Qe1 Qc8 15.
e4 dxe4 16. fxe4 Nxe4 17. Ng3 Nd6 18. Qf2 h4 19. Nh5 Qd8 20. Qf4 Re2 21. Qxd6
Rxg2+ 22. Kh1 Nxd4 23. Be4 Rxd2 24. Rg1 Bg4 25. Qe5 f6 26. Nxf6+ Qxf6 27. Qxf6
gxf6 28. Rxg4+ Kf8 29. cxd4 Rxd4 30. Rxh4 1-0

[Event "Tradewise Gibraltar Chess Festival 2014 "]
[Site "The Caleta Hotel - Gibraltar"]
[Date "2014.02.02"]
[Round "6.59"]
[White "Roeder, Matthias"]
[Black "Galmandakh, Badrakh"]
[Result "0-1"]
[WhiteElo "2423"]
[BlackElo "2225"]
[PlyCount "72"]
[EventDate "2014.01.28"]

1. d4 d6 2. Nf3 Nf6 3. c4 Bf5 4. Nc3 h6 5. e3 Nbd7 6. Bd3 Bxd3 7. Qxd3 e5 8.
O-O Be7 9. b3 O-O 10. Bb2 c6 11. Rfd1 Qc7 12. dxe5 dxe5 13. Ne4 Rad8 14. Nxf6+
Bxf6 15. Qf5 e4 16. Bxf6 Nxf6 17. Ne5 Rxd1+ 18. Rxd1 Rd8 19. Rxd8+ Qxd8 20. h3
Qd1+ 21. Kh2 Qd6 22. g3 Qe7 23. c5 g6 24. Qc8+ Kg7 25. Nc4 Qxc5 26. Qxb7 Qf5
27. Kg1 Qxh3 28. Nd6 Qe6 29. Qxc6 h5 30. Qc7 h4 31. gxh4 Qg4+ 32. Kf1 Qd1+ 33.
Kg2 Qf3+ 34. Kg1 Ng4 35. Qc2 Qh3 36. Qxe4 Qh2+ 0-1